| 000 | 00901nam a2200289 a 4500 | ||
|---|---|---|---|
| 001 | vtls000292572 | ||
| 003 | NLI | ||
| 005 | 20210602131018.0 | ||
| 008 | 101203s1927 nyu b 000 d eng | ||
| 020 | _cUSD 3.00 | ||
| 039 | 9 |
_y201012031934 _zVLOAD |
|
| 040 | 0 |
_aNLI _beng _cEntertech-FY 2010 _eAACR2 |
|
| 041 | 0 | _aeng | |
| 044 | _anyu | ||
| 082 | 0 | 4 | _a016.822 |
| 245 | 0 | 0 |
_aIndex to plays : _bsupplement / _ccompiled by Ina Ten Eyck Firkins |
| 260 |
_aNew York : _bH. W. Wilson, _c1927 |
||
| 300 |
_a140 p. ; _c26 cm. |
||
| 650 | 0 |
_aDrama _vBibliography _9268738 |
|
| 700 | 1 |
_aFirkins, Ina Ten Eyck _d1866-1937, _4com _9449020 |
|
| 887 | _a | ||
| 901 |
_a15306 _b2.5.1940 |
||
| 902 | _aE/O 016.822 F 516 | ||
| 949 |
_AVIRTUAITEM _D10000 _X100 _6PUR000015306ENG |
||
| 942 |
_2ddc _cBKS |
||
| 999 |
_aVIRTUA40 _c249342 _d249342 |
||
| 999 | _aVTLSSORT0080*0200*0400*0410*0440*0820*2450*2600*3000*6500*7000*9010*9020*9490*9991 | ||